|
|
|
|
| LEADER |
00000nam0a2200000 4500 |
| 001 |
192198 |
| 005 |
20231101224413.0 |
| 035 |
|
|
|a (RuTPU)RU\TPU\book\209580
|
| 090 |
|
|
|a 192198
|
| 100 |
|
|
|a 20110221d1983 k y0rusy50 ca
|
| 101 |
1 |
|
|a rus
|c eng
|
| 102 |
|
|
|a RU
|
| 105 |
|
|
|a a z 001zy
|
| 200 |
1 |
|
|a Группы симметрии
|a Теория и химические приложения
|e пер. с англ.
|f Р. Фларри
|
| 210 |
|
|
|a Москва
|c Мир
|d 1983
|
| 215 |
|
|
|a 400 с.
|c ил.
|
| 320 |
|
|
|a Библиогр. в конце гл.
|
| 606 |
1 |
|
|a Химия
|x Математические методы
|2 stltpush
|3 (RuTPU)RU\TPU\subj\17378
|9 43037
|
| 610 |
1 |
|
|a химические приложения
|
| 610 |
1 |
|
|a правила Вудворда-Хоффмана
|
| 610 |
1 |
|
|a векторы
|
| 610 |
1 |
|
|a матрицы
|
| 610 |
1 |
|
|a симметрия
|
| 610 |
1 |
|
|a группы
|
| 610 |
1 |
|
|a пространственная симметрия
|
| 610 |
1 |
|
|a квантовая механика
|
| 610 |
1 |
|
|a излучения
|
| 610 |
1 |
|
|a атомы
|
| 610 |
1 |
|
|a молекулы
|
| 610 |
1 |
|
|a электронная структура
|
| 610 |
1 |
|
|a колебания
|
| 610 |
1 |
|
|a химические реакции
|
| 610 |
1 |
|
|a библиотека А. Г. Стромберга
|
| 675 |
|
|
|a 54:51
|v 3
|
| 700 |
|
1 |
|a Фларри
|b Р.
|
| 801 |
|
1 |
|a RU
|b 63413507
|c 20110221
|
| 801 |
|
2 |
|a RU
|b 63413507
|c 20170914
|g RCR
|
| 942 |
|
|
|c BK
|